| 000 -LEADER |
| fixed length control field |
00716nam a22001817a 4500 |
| 005 - DATE AND TIME OF LATEST TRANSACTION |
| control field |
20231211154750.0 |
| 008 - FIXED-LENGTH DATA ELEMENTS--GENERAL INFORMATION |
| fixed length control field |
231211s1977 ru ||||| |||| 00| 0 rus d |
| 041 ## - LANGUAGE CODE |
| Language code of text/sound track or separate title |
rus |
| 080 ## - UNIVERSAL DECIMAL CLASSIFICATION NUMBER |
| Universal Decimal Classification number |
72.03+7 M-57 |
| 100 ## - MAIN ENTRY--PERSONAL NAME |
| Personal name |
Михаловский, Казимеж |
| 9 (RLIN) |
20660 |
| 245 ## - TITLE STATEMENT |
| Title |
Дельфы / |
| Statement of responsibility, etc. |
Казимеж Михаловский; фотографии: Анджей Дзевановский. |
| 264 ## - PRODUCTION, PUBLICATION, DISTRIBUTION, MANUFACTURE, AND COPYRIGHT NOTICE |
| Place of production, publication, distribution, manufacture |
Варшава: |
| Name of producer, publisher, distributor, manufacturer |
«Аркады», |
| Date of production, publication, distribution, manufacture, or copyright notice |
1977. |
| 300 ## - PHYSICAL DESCRIPTION |
| Extent |
84 с.: |
| Other physical details |
ил.; |
| Dimensions |
29 см. |
| 653 ## - INDEX TERM--UNCONTROLLED |
| keyword |
დელფი |
| 653 ## - INDEX TERM--UNCONTROLLED |
| keyword |
უძველესი სამყაროს კულტურა |
| 700 ## - ADDED ENTRY--PERSONAL NAME |
| Personal name |
Дзевановский, Анджей |
| Relator term |
ფოტო |
| 9 (RLIN) |
20244 |
| 942 ## - ADDED ENTRY ELEMENTS (KOHA) |
| Source of classification or shelving scheme |
|
| Koha item type |
წიგნი |